Loading...
| Beliefs | 15 | 17.33 | 2,747% | 280% | 267% |
| Current Events | 3 | 16.67 | 2,400% | 400% | 200% |
| Fine Arts - Auditory | 6 | 15.00 | 1,200% | 333% | 300% |
| Fine Arts - Visual | 8 | 21.25 | 1,800% | 375% | 550% |
| Geography | 2 | 25.00 | 3,600% | 300% | 600% |
| History - American | 6 | 25.00 | 3,000% | 600% | 400% |
| History - European | 8 | 21.25 | 2,050% | 375% | 300% |
| History - World | 7 | 18.57 | 1,829% | 371% | 200% |
| Literature - American | 6 | 18.33 | 667% | 300% | 467% |
| Literature - British | 5 | 18.00 | 2,160% | 480% | 240% |
| Literature - European | 3 | 26.67 | 2,533% | 267% | 467% |
| Literature - World | 1 | 10.00 | 0% | 0% | 600% |
| Other Academic | 2 | 20.00 | 1,800% | 300% | 600% |
| Other Arts: Auditory | 3 | 20.00 | 2,400% | 600% | 200% |
| Other Arts: Visual | 2 | 15.00 | 0% | 400% | 300% |
| Other Science: Astronomy | 1 | 30.00 | 3,600% | 600% | 600% |
| Other Science: Computer Science | 1 | 20.00 | 3,600% | 600% | 0% |
| Other Science: Earth Science | 2 | 15.00 | 1,800% | 600% | 0% |
| Other Science: Math | 3 | 16.67 | 1,200% | 333% | 400% |
| Philosophy | 7 | 21.43 | 2,857% | 314% | 286% |
| Science - Biology | 7 | 15.71 | 1,600% | 171% | 429% |
| Science - Chemistry | 6 | 13.33 | 1,200% | 300% | 300% |
| Science - Physics | 7 | 20.00 | 1,771% | 429% | 400% |
| Social Science | 6 | 15.00 | 2,400% | 233% | 200% |
| 16 | 17.50 | 1,375% | 375% | 350% |